|
|
|
|
| LEADER |
00000nam0a2200000 4500 |
| 001 |
50515 |
| 005 |
20231101211242.0 |
| 035 |
|
|
|a (RuTPU)RU\TPU\book\52895
|
| 090 |
|
|
|a 50515
|
| 100 |
|
|
|a 20030417d1961 k y0rusy50 ca
|
| 101 |
0 |
|
|a rus
|
| 102 |
|
|
|a RU
|
| 105 |
|
|
|a a z 001zy
|
| 200 |
1 |
|
|a Методы расчета ядерных реакторов
|f Г. И. Марчук
|
| 210 |
|
|
|a Москва
|c Госатомиздат
|d 1961
|
| 215 |
|
|
|a 667 с.
|c ил.
|
| 320 |
|
|
|a Библиогр.: с. 647-661.
|
| 610 |
1 |
|
|a ядерные реакторы
|
| 610 |
1 |
|
|a расчет
|
| 610 |
1 |
|
|a методы
|
| 610 |
1 |
|
|a нейтроны
|
| 610 |
1 |
|
|a диффузия
|
| 610 |
1 |
|
|a уравнения
|
| 610 |
1 |
|
|a решения
|
| 610 |
1 |
|
|a конечно-разностные уравнения
|
| 610 |
1 |
|
|a замедление
|
| 610 |
1 |
|
|a метод групп
|
| 610 |
1 |
|
|a одногрупповая теория
|
| 610 |
1 |
|
|a гетерогенные эффекты
|
| 610 |
1 |
|
|a гомогенные реакции
|
| 610 |
1 |
|
|a термализация
|
| 675 |
|
|
|a 621.039.5
|v 3
|
| 700 |
|
1 |
|a Марчук
|b Г. И.
|c российский математик
|c физик
|c академик РАН
|f 1925-
|g Гурий Иванович
|2 stltpush
|3 (RuTPU)RU\TPU\pers\13341
|9 3996
|
| 801 |
|
1 |
|a RU
|b 63413507
|c 20030417
|g PSBO
|
| 801 |
|
2 |
|a RU
|b 63413507
|c 20210901
|g PSBO
|
| 942 |
|
|
|c BK
|